000 00834nam a2200265Ia 4500
003 OSt
005 20220928130617.0
006 a|||||r|||| 00| 0
007 ta
008 220927b |||||||| |||| 00| 0 eng d
020 _c6207.8310000000001
024 _a119122
037 _b015, 22/08/2013, Excel Book International
_cTextual
040 _aSDCL
_cSDCL
_beng
041 _2eng
_aeng
082 _aX65, Q3
100 _aPiros Christopher D
_9467288
245 0 _aEconomic for investment decision makers
_b Micro,macro,and international economics.
260 _c2013
300 _axxi;769p.
_ccm.
650 _aFinancial Studies
700 _a Pinto Jerald E
_9412390
942 _hX65, Q3
_cTEXL
_2CC
999 _c787605
_d787605